[Event "Karelia-ch"]
[Site "Petrozavodsk"]
[Date "2014.02.23"]
[Round "9"]
[White "Savolainen, Lev P"]
[Black "Stebunov, Alexander A"]
[Result "1-0"]
[WhiteElo "2094"]
[BlackElo "1977"]
[PlyCount "61"]
[EventDate "2014.02.18"]
[EventType "swiss"]
[EventRounds "9"]
[EventCountry "RUS"]
[SourceTitle "EXT 2016"]
[Source "ChessBase"]
[SourceDate "2015.10.08"]
[SourceVersion "1"]
[SourceVersionDate "2015.10.08"]
[SourceQuality "1"]

1. d4 Nf6 2. c4 g6 3. Nc3 Bg7 4. Nf3 0-0 5. Bf4 c5 6. d5 d6 7. h3 Na6 8. e4 Nc7 9. a4 b6 10. Qd2 Bd7 11. Bd3 a6 12. 0-0 Rb8 13. e5 dxe5 14. Nxe5 Nfe8 15. Ne4 f6 16. Nxd7 Qxd7 17. a5 Nd6 18. axb6 Nxe4 19. Bxe4 Rxb6 20. Qa5 Na8 21. Be3 f5 22. Bxc5 Rxb2 23. Bf3 Qc7 24. Qxc7 Nxc7 25. Bxe7 Rc2 26. Ra4 Rb8 27. c5 Rbb2 28. d6 Ne6 29. Bd5 Kf7 30. c6 Rd2 31. c7 1-0

[Event "Karelia-ch"]
[Site "Petrozavodsk"]
[Date "2014.02.22"]
[Round "8"]
[White "Stebunov, Alexander A"]
[Black "Puzyrevsky, Boris A"]
[Result "1/2-1/2"]
[WhiteElo "1977"]
[BlackElo "1995"]
[PlyCount "111"]
[EventDate "2014.02.18"]
[EventType "swiss"]
[EventRounds "9"]
[EventCountry "RUS"]
[SourceTitle "EXT 2016"]
[Source "ChessBase"]
[SourceDate "2015.10.08"]
[SourceVersion "1"]
[SourceVersionDate "2015.10.08"]
[SourceQuality "1"]

1. e4 c5 2. Nf3 d6 3. d4 cxd4 4. Nxd4 Nf6 5. Nc3 g6 6. Be2 Bg7 7. Be3 0-0 8. Qd2 Ng4 9. Bxg4 Bxg4 10. f3 Be6 11. h4 Nc6 12. h5 Ne5 13. hxg6 Nc4 14. Qf2 Nxe3 15. Qxe3 hxg6 16. 0-0-0 Qa5 17. Nb3 Bxb3 18. cxb3 Rfc8 19. Kb1 Bxc3 20. Rd5 Qb4 21. e5 dxe5 22. bxc3 Qf4 23. Rxe5 Qxe3 24. Rxe3 e6 25. Rd1 Rc7 26. Red3 Rac8 27. c4 Kg7 28. f4 Kf6 29. g4 g5 30. f5 Rc6 31. fxe6 Rxe6 32. Rd7 Re4 33. Rf1+ Rf4 34. Rxf4+ gxf4 35. Rd5 Kg6 36. Rf5 Rc6 37. Rxf4 Rf6 38. Rd4 Kg5 39. b4 Rf4 40. Rxf4 Kxf4 41. c5 Kxg4 42. b5 Kf5 43. a4 Ke6 44. a5 Kd7 45. Kc2 a6 46. c6+ bxc6 47. b6 c5 48. Kd3 Kc6 49. Ke4 Kd6 50. Kf4 Kd7 51. Ke4 Kc6 52. Kf4 f6 53. Ke4 Kd6 54. Kf5 Kc6 55. Ke4 Kd6 56. Kf5 1/2-1/2

[Event "Karelia-ch"]
[Site "Petrozavodsk"]
[Date "2014.02.18"]
[Round "1"]
[White "Yachmenev, Mikhail A"]
[Black "Stebunov, Alexander A"]
[Result "1-0"]
[WhiteElo "2191"]
[BlackElo "1977"]
[PlyCount "60"]
[EventDate "2014.02.18"]
[EventType "swiss"]
[EventRounds "9"]
[EventCountry "RUS"]
[SourceTitle "EXT 2016"]
[Source "ChessBase"]
[SourceDate "2015.10.08"]
[SourceVersion "1"]
[SourceVersionDate "2015.10.08"]
[SourceQuality "1"]

1. e4 e5 2. Nf3 Nc6 3. Bc4 Nf6 4. d3 Bc5 5. c3 0-0 6. 0-0 d6 7. Bb3 Ne7 8. h3 Ng6 9. Bc2 h6 10. Nbd2 Nf4 11. Kh2 g5 12. d4 Bb6 13. dxe5 N6h5 14. Nc4 g4 15. hxg4 Bxg4 16. Nxb6 axb6 17. exd6 Ra5 18. g3 Qf6 19. Qd4 Bxf3 20. Qxf6 Nxf6 21. gxf4 Rh5+ 22. Kg3 Bxe4 23. Bd1 Rd5 24. dxc7 Kh7 25. Be3 Bd3 26. Bf3 Rg8+ 27. Kh4 Be4 28. Bxe4+ Nxe4 29. Rad1 Rf5 30. Rd8 Rg2 1-0

[Event "Karelian Winter amateur"]
[Site "Petrozavodsk"]
[Date "2013.12.15"]
[Round "7"]
[White "Stebunov, Alexander A"]
[Black "Raksa, Nikita A"]
[Result "1-0"]
[WhiteElo "1974"]
[BlackElo "1655"]
[PlyCount "55"]
[EventDate "2013.12.12"]
[EventType "swiss"]
[EventRounds "7"]
[EventCountry "RUS"]
[SourceTitle "EXT 2022"]
[Source "ChessBase"]
[SourceDate "2021.10.06"]
[SourceVersion "1"]
[SourceVersionDate "2021.10.06"]
[SourceQuality "1"]

1. e4 e5 2. Nf3 Nc6 3. Bc4 Nf6 4. d4 exd4 5. e5 Ng4 6. 0-0 Be7 7. Re1 d5 8. Bb5 Bd7 9. Bxc6 bxc6 10. Qxd4 Be6 11. Qa4 Qd7 12. Nc3 Bc5 13. Nd1 Rb8 14. c3 h5 15. Nd4 Bxd4 16. cxd4 Ra8 17. b3 Nh6 18. Ba3 Nf5 19. Ne3 Nh4 20. Rac1 Nf5 21. Nxf5 Bxf5 22. Rxc6 Kd8 23. Rec1 Rh6 24. Qa6 Rxc6 25. Rxc6 Bd3 26. Qb7 Rc8 27. Qb4 Qxc6 28. Qe7# 1-0

[Event "Karelian Winter amateur"]
[Site "Petrozavodsk"]
[Date "2013.12.14"]
[Round "3"]
[White "Loboda, Alexey M"]
[Black "Stebunov, Alexander A"]
[Result "1/2-1/2"]
[WhiteElo "1859"]
[BlackElo "1974"]
[PlyCount "33"]
[EventDate "2013.12.12"]
[EventType "swiss"]
[EventRounds "7"]
[EventCountry "RUS"]
[SourceTitle "EXT 2022"]
[Source "ChessBase"]
[SourceDate "2021.10.06"]
[SourceVersion "1"]
[SourceVersionDate "2021.10.06"]
[SourceQuality "1"]

1. e4 e5 2. Nf3 Nf6 3. Nc3 Nc6 4. Bc4 Nxe4 5. Nxe4 d5 6. Bxd5 Qxd5 7. Nc3 Qd8 8. h3 Bb4 9. Qe2 0-0 10. 0-0 Re8 11. d3 Nd4 12. Qd1 Bf5 13. Nxd4 exd4 14. Ne2 Qf6 15. Ng3 Bg6 16. Qg4 Bd6 17. Bd2 1/2-1/2

[Event "Karelian Winter amateur"]
[Site "Petrozavodsk"]
[Date "2013.12.12"]
[Round "1"]
[White "Sivikhin, Denis O"]
[Black "Stebunov, Alexander A"]
[Result "0-1"]
[WhiteElo "1737"]
[BlackElo "1974"]
[PlyCount "52"]
[EventDate "2013.12.12"]
[EventType "swiss"]
[EventRounds "7"]
[EventCountry "RUS"]
[SourceTitle "EXT 2022"]
[Source "ChessBase"]
[SourceDate "2021.10.06"]
[SourceVersion "1"]
[SourceVersionDate "2021.10.06"]
[SourceQuality "1"]

1. e4 e5 2. d4 exd4 3. Qxd4 Nc6 4. Qe3 Nf6 5. Nc3 Bb4 6. Bd2 0-0 7. 0-0-0 Qe7 8. f3 d6 9. g4 Be6 10. Kb1 Rfe8 11. h4 d5 12. exd5 Bxc3 13. dxe6 Bxd2 14. exf7+ Qxf7 15. Qxd2 Rad8 16. Qc1 Rxd1 17. Qxd1 Rd8 18. Qc1 Nb4 19. b3 Nfd5 20. Bc4 b5 21. Bxd5 Nxd5 22. c3 Qf6 23. Qg5 Nxc3+ 24. Kc2 Qd4 25. Qc1 Nxa2 26. Kb1 Nxc1 0-1

[Event "Karelian Seniors"]
[Site "Petrozavodsk"]
[Date "2013.11.22"]
[Round "7"]
[White "Stebunov, Alexander A"]
[Black "Yaakkimainen, Vyaino R"]
[Result "1/2-1/2"]
[WhiteElo "1968"]
[BlackElo "2155"]
[PlyCount "20"]
[EventDate "2013.11.16"]
[EventType "swiss"]
[EventRounds "7"]
[EventCountry "RUS"]
[SourceTitle "EXT 2022"]
[Source "ChessBase"]
[SourceDate "2021.10.06"]
[SourceVersion "1"]
[SourceVersionDate "2021.10.06"]
[SourceQuality "1"]

1. e4 d5 2. exd5 Qxd5 3. Nc3 Qa5 4. d4 Nf6 5. Nf3 c6 6. Bc4 Bf5 7. 0-0 e6 8. Re1 Bb4 9. Bd2 Qd8 10. Bg5 Be7 1/2-1/2

[Event "Petrozavodsk Karelian Autumn"]
[Site "Petrozavodsk"]
[Date "2013.10.15"]
[Round "5"]
[White "Vinogradov, Vladimir P"]
[Black "Stebunov, Alexander A"]
[Result "1/2-1/2"]
[WhiteElo "2097"]
[BlackElo "1978"]
[PlyCount "49"]
[EventDate "2013.10.12"]
[EventType "swiss"]
[EventRounds "9"]
[EventCountry "RUS"]
[SourceTitle "EXT 2014"]
[Source "ChessBase"]
[SourceDate "2013.11.20"]
[SourceVersion "1"]
[SourceVersionDate "2013.11.20"]
[SourceQuality "1"]

1. Nf3 Nf6 2. g3 g6 3. Bg2 Bg7 4. 0-0 0-0 5. d3 d6 6. e4 e5 7. Bg5 h6 8. Bxf6 Qxf6 9. h3 Nc6 10. Nbd2 Be6 11. a4 Qe7 12. a5 a6 13. c3 Qd7 14. Kh2 Kh7 15. Nc4 Ne7 16. Nh4 g5 17. Nf5 Nxf5 18. exf5 Bxf5 19. Bxb7 Rab8 20. Be4 d5 21. Bxf5+ Qxf5 22. Ne3 Qe6 23. Qc2 f5 24. d4 e4 25. b4 1/2-1/2

[Event "Petrozavodsk Karelian Autumn"]
[Site "Petrozavodsk"]
[Date "2013.10.13"]
[Round "3"]
[White "Senyukov, Alexey V"]
[Black "Stebunov, Alexander A"]
[Result "1-0"]
[WhiteElo "2113"]
[BlackElo "1978"]
[PlyCount "29"]
[EventDate "2013.10.12"]
[EventType "swiss"]
[EventRounds "9"]
[EventCountry "RUS"]
[SourceTitle "EXT 2014"]
[Source "ChessBase"]
[SourceDate "2013.11.20"]
[SourceVersion "1"]
[SourceVersionDate "2013.11.20"]
[SourceQuality "1"]

1. d4 Nf6 2. Nf3 g6 3. c4 Bg7 4. Nc3 0-0 5. Bg5 c5 6. e4 cxd4 7. Nxd4 Nc6 8. Be3 d6 9. Be2 Ng4 10. Bxg4 Bxg4 11. Nxc6 Bxd1 12. Nxd8 Bc2 13. Nxb7 Bd3 14. Na5 Rfb8 15. Kd2 1-0

[Event "Karelian Winter"]
[Site "Petrozavodsk"]
[Date "2012.12.16"]
[Round "7"]
[White "Stebunov, Alexander A"]
[Black "Kiprushkin, Albert N"]
[Result "1-0"]
[WhiteElo "1983"]
[BlackElo "1544"]
[PlyCount "97"]
[EventDate "2012.12.14"]
[EventType "swiss"]
[EventRounds "7"]
[EventCountry "RUS"]
[SourceTitle "EXT 2022"]
[Source "ChessBase"]
[SourceDate "2021.10.06"]
[SourceVersion "1"]
[SourceVersionDate "2021.10.06"]
[SourceQuality "1"]

1. e4 e6 2. d4 d5 3. e5 c5 4. c3 Nc6 5. Nf3 Qb6 6. a3 Bd7 7. b4 cxb4 8. cxb4 a6 9. Nc3 Na7 10. Bd3 Rc8 11. Bb2 Ne7 12. 0-0 Bb5 13. Nxb5 Nxb5 14. Rc1 Rc6 15. Rc5 Na7 16. Ng5 Ng6 17. Qh5 Bxc5 18. dxc5 Qc7 19. Nxh7 Rg8 20. Bxg6 fxg6 21. Qxg6+ Qf7 22. Qxf7+ Kxf7 23. f4 Nc8 24. g4 g6 25. Nf6 Rg7 26. Bc1 Ne7 27. Kg2 Ng8 28. Nd7 Ke7 29. Nb6 Nh6 30. f5 gxf5 31. Bxh6 Rxg4+ 32. Kf3 a5 33. Bf4 axb4 34. axb4 Kf7 35. Rc1 Rg7 36. b5 Rc7 37. c6 bxc6 38. bxc6 Kg8 39. Nd7 Kf7 40. h4 Ke7 41. Bg5+ Ke8 42. Kf4 Rc8 43. h5 Ra8 44. Nc5 Kf7 45. Rb1 Kg8 46. Rb7 Rxb7 47. cxb7 Rb8 48. Be7 Kf7 49. Bd6 1-0

[Event "Karelian Winter"]
[Site "Petrozavodsk"]
[Date "2012.12.15"]
[Round "3"]
[White "Stebunov, Alexander A"]
[Black "Radkov, Bazhen D"]
[Result "1-0"]
[WhiteElo "1983"]
[BlackElo "1918"]
[PlyCount "66"]
[EventDate "2012.12.14"]
[EventType "swiss"]
[EventRounds "7"]
[EventCountry "RUS"]
[SourceTitle "EXT 2022"]
[Source "ChessBase"]
[SourceDate "2021.10.06"]
[SourceVersion "1"]
[SourceVersionDate "2021.10.06"]
[SourceQuality "1"]

1. e4 e5 2. Bc4 Nf6 3. d3 Bc5 4. Nf3 Nc6 5. 0-0 d6 6. h3 h6 7. Be3 Bb6 8. Nc3 0-0 9. Nd5 Nxd5 10. Bxd5 Be6 11. Bxe6 fxe6 12. Bxb6 axb6 13. d4 Qf6 14. c3 Rad8 15. dxe5 dxe5 16. Qe2 Ne7 17. Rfd1 Rxd1+ 18. Rxd1 Ng6 19. Rd7 Nf4 20. Qd1 Qg6 21. Nh4 Qxe4 22. Qg4 Rf7 23. Rxf7 Kxf7 24. Nf3 Qd5 25. Kh2 Ng6 26. h4 e4 27. Nd4 Qe5+ 28. g3 h5 29. Qe2 c5 30. Nb5 Ne7 31. Qxe4 Qf6 32. Nd6+ Kg8 33. f4 Nd5 1-0

[Event "Karelian Autumn"]
[Site "Petrozavodsk"]
[Date "2012.10.15"]
[Round "4"]
[White "Stebunov, Alexander A"]
[Black "Radkov, Bazhen D"]
[Result "0-1"]
[WhiteElo "1961"]
[BlackElo "1860"]
[PlyCount "64"]
[EventDate "2012.10.14"]
[EventType "swiss"]
[EventRounds "9"]
[EventCountry "RUS"]
[SourceTitle "EXT 2013"]
[Source "ChessBase"]
[SourceDate "2012.11.22"]
[SourceVersion "1"]
[SourceVersionDate "2012.11.22"]
[SourceQuality "1"]

1. e4 e5 2. Nf3 Nf6 3. Nxe5 d6 4. Nf3 Nxe4 5. Nc3 Nxc3 6. dxc3 Be7 7. Be3 Nc6 8. Qd2 Be6 9. Bd3 a6 10. 0-0 0-0 11. Rfe1 Qd7 12. Nd4 Nxd4 13. cxd4 Rae8 14. c4 c6 15. Rad1 d5 16. c5 Bf6 17. Bb1 Bf5 18. Bg5 Bxg5 19. Qxg5 Bxb1 20. Rxb1 Re4 21. Rxe4 dxe4 22. Rd1 f5 23. Qd2 Qd5 24. b3 f4 25. Qe2 Kh8 26. Qc4 Qg5 27. d5 f3 28. g3 e3 29. fxe3 f2+ 30. Kg2 Qxe3 31. dxc6 Qf3+ 32. Kh3 Qxd1 0-1

[Event "Karelian Autumn"]
[Site "Petrozavodsk"]
[Date "2012.10.14"]
[Round "1"]
[White "Dokutchaev, Aleksander"]
[Black "Stebunov, Alexander A"]
[Result "1-0"]
[WhiteElo "2435"]
[BlackElo "1961"]
[PlyCount "57"]
[EventDate "2012.10.14"]
[EventType "swiss"]
[EventRounds "9"]
[EventCountry "RUS"]
[SourceTitle "EXT 2013"]
[Source "ChessBase"]
[SourceDate "2012.11.22"]
[SourceVersion "1"]
[SourceVersionDate "2012.11.22"]
[SourceQuality "1"]

1. d4 Nf6 2. Nf3 g6 3. g3 Bg7 4. Bg2 0-0 5. 0-0 d6 6. c4 Nbd7 7. Nc3 c5 8. b3 Rb8 9. h3 a6 10. e4 cxd4 11. Nxd4 Nc5 12. Be3 Ne6 13. Nc2 Nh5 14. Bd2 Bd7 15. Rc1 Nd4 16. Ne3 b5 17. Ncd5 bxc4 18. Nxc4 Nc6 19. Bg5 Nf6 20. Nxf6+ exf6 21. Bf4 Ne5 22. Qxd6 Bb5 23. Qa3 Bxc4 24. bxc4 Qd3 25. Qxd3 Nxd3 26. Bxb8 Nxc1 27. Rxc1 Rxb8 28. c5 Kf8 29. Bf1 1-0

[Event "Karelian Autumn"]
[Site "Petrozavodsk"]
[Date "2012.10.14"]
[Round "2"]
[White "Stebunov, Alexander A"]
[Black "Burdukov, Albert G"]
[Result "1-0"]
[WhiteElo "1961"]
[BlackElo "1865"]
[PlyCount "120"]
[EventDate "2012.10.14"]
[EventType "swiss"]
[EventRounds "9"]
[EventCountry "RUS"]
[SourceTitle "EXT 2013"]
[Source "ChessBase"]
[SourceDate "2012.11.22"]
[SourceVersion "1"]
[SourceVersionDate "2012.11.22"]
[SourceQuality "1"]

1. e4 d6 2. d4 g6 3. f4 Bg7 4. Nf3 Nd7 5. Bc4 e6 6. 0-0 Ne7 7. f5 Nb6 8. Bb3 gxf5 9. Ng5 h6 10. Nxf7 Kxf7 11. Qh5+ Kg8 12. exf5 Ned5 13. Nc3 Nf6 14. Qe2 Kh7 15. fxe6 Re8 16. Qd3+ Kh8 17. Qg6 Qe7 18. Bxh6 Rf8 19. Rf3 Bxh6 20. Qxh6+ Nh7 21. Raf1 Rxf3 22. Rxf3 Qg7 23. Qxg7+ Kxg7 24. Rf7+ Kg6 25. Rxc7 d5 26. Nxd5 Ng5 27. Nf4+ Kf5 28. g3 Bxe6 29. Bxe6+ Nxe6 30. Rf7+ Ke4 31. Nxe6 Nc4 32. Kf2 Rh8 33. h4 Nxb2 34. Rxb7 Nd1+ 35. Ke2 Nc3+ 36. Kd2 Rc8 37. Nc5+ Kxd4 38. Rb4+ Kxc5 39. Kxc3 Rg8 40. g4 a5 41. Rc4+ Kd5 42. Ra4 Rc8+ 43. Kd3 Rc5 44. Rf4 Ke6 45. Rf5 Rc6 46. Rxa5 Rd6+ 47. Ke4 Rc6 48. Kd3 Rd6+ 49. Ke2 Rc6 50. Kd3 Rd6+ 51. Ke4 Rc6 52. Re5+ Kd6 53. Rd5+ Ke6 54. Rd2 Rc4+ 55. Kf3 Kf6 56. h5 Kg5 57. Rd5+ Kh4 58. h6 Rc3+ 59. Kf4 Rc4+ 60. Kf5 Rxc2 1-0

[Event "Anapa op"]
[Site "Anapa"]
[Date "2012.09.06"]
[Round "7"]
[White "Stebunov, Alexander A"]
[Black "Klimentov, Evgeny"]
[Result "1-0"]
[WhiteElo "1935"]
[BlackElo "1858"]
[PlyCount "85"]
[EventDate "2012.08.30"]
[EventType "swiss"]
[EventRounds "9"]
[EventCountry "RUS"]
[SourceTitle "CBM 150 Extra"]
[Source "ChessBase"]
[SourceDate "2012.10.19"]
[SourceVersion "1"]
[SourceVersionDate "2012.10.19"]
[SourceQuality "1"]

1. e4 c5 2. c3 d5 3. exd5 Qxd5 4. d4 Nf6 5. Nf3 Bg4 6. Be2 e6 7. Na3 Nc6 8. 0-0 cxd4 9. Nb5 Rc8 10. Nbxd4 Nxd4 11. Nxd4 Bxe2 12. Qxe2 Qh5 13. Qxh5 Nxh5 14. g4 Nf6 15. g5 Nd5 16. Bd2 Bd6 17. Kg2 Ke7 18. Rae1 g6 19. f4 Bc5 20. Re4 Rhd8 21. f5 Bxd4 22. fxe6 f5 23. Rxd4 Kxe6 24. Re1+ Kf7 25. Rd1 Ne7 26. Bf4 Nc6 27. Rd6 Rxd6 28. Rxd6 Rd8 29. Rf6+ Ke7 30. b4 Rd3 31. h4 Rxc3 32. h5 gxh5 33. Rh6 Rc2+ 34. Kf1 Kf7 35. Rxh7+ Kg6 36. Rxb7 Rc4 37. Bd2 Rc2 38. Rd7 f4 39. Bxf4 Nxb4 40. Rd6+ Kg7 41. Be5+ Kg8 42. g6 Rc8 43. Rd7 1-0

[Event "Anapa op"]
[Site "Anapa"]
[Date "2012.09.03"]
[Round "4"]
[White "Lapsakov, Alexander S"]
[Black "Stebunov, Alexander A"]
[Result "0-1"]
[WhiteElo "1681"]
[BlackElo "1935"]
[PlyCount "96"]
[EventDate "2012.08.30"]
[EventType "swiss"]
[EventRounds "9"]
[EventCountry "RUS"]
[SourceTitle "CBM 150 Extra"]
[Source "ChessBase"]
[SourceDate "2012.10.19"]
[SourceVersion "1"]
[SourceVersionDate "2012.10.19"]
[SourceQuality "1"]

1. e4 e5 2. Nf3 Nc6 3. Bb5 Bc5 4. c3 Nf6 5. d4 Bb6 6. 0-0 0-0 7. Re1 d6 8. h3 h6 9. Bxc6 bxc6 10. dxe5 dxe5 11. Qc2 Qe7 12. Be3 Nh5 13. Nbd2 Qf6 14. Bxb6 axb6 15. Re3 Nf4 16. Ne1 g5 17. Nf1 Be6 18. b3 h5 19. Nh2 Rfd8 20. Nd3 Bxb3 21. Qxb3 Rxd3 22. Qc2 Rad8 23. Nf1 Qd6 24. Kh2 Rd1 25. Re1 Rxa1 26. Rxa1 Qd3 27. Rc1 Ne2 28. Qxd3 Rxd3 29. Rc2 Nxc3 30. Ng3 h4 31. f3 c5 32. Nh5 Kf8 33. Nf6 Ke7 34. Rxc3 Rxc3 35. Nd5+ Kd6 36. Nxc3 c6 37. Kg1 b5 38. Kf2 b4 39. Nd1 c4 40. Ke2 Kc5 41. Ne3 Kd4 42. Ng4 b3 43. axb3 cxb3 44. Kd2 c5 45. Kc1 c4 46. Nh6 Kc3 47. Nxf7 b2+ 48. Kb1 Kb3 0-1

[Event "Anapa op"]
[Site "Anapa"]
[Date "2012.09.01"]
[Round "2"]
[White "Idrisova, Roza"]
[Black "Stebunov, Alexander A"]
[Result "1-0"]
[WhiteElo "2085"]
[BlackElo "1935"]
[PlyCount "43"]
[EventDate "2012.08.30"]
[EventType "swiss"]
[EventRounds "9"]
[EventCountry "RUS"]
[SourceTitle "CBM 150 Extra"]
[Source "ChessBase"]
[SourceDate "2012.10.19"]
[SourceVersion "1"]
[SourceVersionDate "2012.10.19"]
[SourceQuality "1"]

1. d4 Nf6 2. Nf3 g6 3. c4 c5 4. Nc3 Bg7 5. e4 cxd4 6. Nxd4 d6 7. Be2 0-0 8. 0-0 Nc6 9. Be3 Nxd4 10. Bxd4 Be6 11. Qd2 Qa5 12. Rfd1 Qc7 13. b3 a6 14. Rac1 Rac8 15. f3 Nd7 16. Be3 b5 17. Nd5 Bxd5 18. cxb5 Qb8 19. Qxd5 Nb6 20. Qd2 axb5 21. Bxb5 Rcd8 22. Qa5 1-0

[Event "Karelia-ch 65th"]
[Site "Kondopoga"]
[Date "2012.02.25"]
[Round "7"]
[White "Stebunov, Alexander A"]
[Black "Khludnev, Kirill"]
[Result "0-1"]
[WhiteElo "1935"]
[BlackElo "2090"]
[PlyCount "48"]
[EventDate "2012.02.21"]
[EventType "swiss"]
[EventRounds "9"]
[EventCountry "RUS"]
[SourceTitle "EXT 2013"]
[Source "ChessBase"]
[SourceDate "2012.11.22"]
[SourceVersion "1"]
[SourceVersionDate "2012.11.22"]
[SourceQuality "1"]

1. e4 d6 2. d4 Nf6 3. Nc3 g6 4. Nf3 Bg7 5. h3 0-0 6. Be3 Nbd7 7. a4 e5 8. dxe5 dxe5 9. a5 Qe7 10. Qc1 Nc5 11. Nd2 c6 12. Bc4 Nh5 13. b4 Nd7 14. Rb1 Nf4 15. Kf1 Re8 16. Nf3 Nf8 17. g3 Bxh3+ 18. Rxh3 Nxh3 19. Kg2 Qd7 20. Qh1 Nf4+ 21. Bxf4 exf4 22. Ne2 Ne6 23. Qh2 fxg3 24. fxg3 h6 0-1

[Event "Karelia-ch 65th"]
[Site "Kondopoga"]
[Date "2012.02.21"]
[Round "1"]
[White "Osmolny, Vladimir I"]
[Black "Stebunov, Alexander A"]
[Result "1-0"]
[WhiteElo "2195"]
[BlackElo "1935"]
[PlyCount "93"]
[EventDate "2012.02.21"]
[EventType "swiss"]
[EventRounds "9"]
[EventCountry "RUS"]
[SourceTitle "EXT 2013"]
[Source "ChessBase"]
[SourceDate "2012.11.22"]
[SourceVersion "1"]
[SourceVersionDate "2012.11.22"]
[SourceQuality "1"]

1. d4 Nf6 2. c4 c5 3. d5 d6 4. Nc3 g6 5. Nf3 Bg7 6. Nd2 0-0 7. e4 Na6 8. Be2 Nc7 9. 0-0 Bd7 10. a4 b6 11. Re1 a6 12. f4 Rb8 13. e5 Nfe8 14. Bg4 Bxg4 15. Qxg4 b5 16. Qf3 f5 17. Qd3 b4 18. Nd1 e6 19. dxe6 Nxe6 20. Qd5 N8c7 21. Qxd6 Qc8 22. Nf3 Rd8 23. Qc6 Qd7 24. Qxd7 Rxd7 25. Nf2 Nd4 26. Nxd4 Rxd4 27. b3 Ne6 28. Be3 Rd7 29. Rad1 Rbd8 30. Rxd7 Rxd7 31. g3 Kf7 32. Kg2 h6 33. h4 g5 34. hxg5 hxg5 35. Kf3 Nd4+ 36. Bxd4 Rxd4 37. e6+ Ke7 38. fxg5 Rd6 39. Nh3 Rxe6 40. Rxe6+ Kxe6 41. Nf4+ Kd6 42. Nh5 Be5 43. g6 Ke6 44. g4 fxg4+ 45. Kxg4 Bc3 46. g7 Kf7 47. Kf5 1-0

[Event "Karelia-ch Seniors"]
[Site "Petrozavodsk"]
[Date "2011.11.20"]
[Round "2"]
[White "Stebunov, Alexander A"]
[Black "Yaakkimainen, Vyaino R"]
[Result "1/2-1/2"]
[WhiteElo "1946"]
[BlackElo "2177"]
[PlyCount "42"]
[EventDate "2011.11.19"]
[EventType "swiss"]
[EventRounds "7"]
[EventCountry "RUS"]
[SourceTitle "EXT 2022"]
[Source "ChessBase"]
[SourceDate "2021.10.06"]
[SourceVersion "1"]
[SourceVersionDate "2021.10.06"]
[SourceQuality "1"]

1. e4 d6 2. d4 Nf6 3. Nc3 g6 4. h3 Bg7 5. Nf3 0-0 6. Be3 c6 7. a4 Qa5 8. Bd3 e5 9. 0-0 Nbd7 10. Qb1 Re8 11. b4 Qc7 12. dxe5 dxe5 13. Bc4 h6 14. a5 Nf8 15. g4 Ne6 16. Qc1 Kh7 17. Ra3 Nd4 18. Nxe5 Qxe5 19. f4 Qe7 20. Bxd4 Qxb4 21. Ra4 Qd6 1/2-1/2

[Event "Karelian Autumn"]
[Site "Petrozavodsk"]
[Date "2011.10.10"]
[Round "4"]
[White "Vinogradov, Vladimir P"]
[Black "Stebunov, Alexander A"]
[Result "1/2-1/2"]
[WhiteElo "2087"]
[BlackElo "1945"]
[PlyCount "73"]
[EventDate "2011.10.08"]
[EventType "swiss"]
[EventRounds "9"]
[EventCountry "RUS"]
[SourceTitle "EXT 2012"]
[Source "ChessBase"]
[SourceDate "2011.11.24"]
[SourceVersion "1"]
[SourceVersionDate "2011.11.24"]
[SourceQuality "1"]

1. Nf3 Nf6 2. g3 g6 3. Bg2 Bg7 4. 0-0 0-0 5. d3 d6 6. e4 e5 7. Bg5 h6 8. Bxf6 Qxf6 9. h3 Nc6 10. c3 Ne7 11. Nbd2 c6 12. a4 Be6 13. a5 Rad8 14. a6 b6 15. Re1 g5 16. Nf1 Ng6 17. Ne3 Qe7 18. Nf5 Qd7 19. Nh2 Bxf5 20. exf5 Qxf5 21. Qh5 Qd7 22. Ra4 Kh7 23. h4 gxh4 24. Rg4 Qe6 25. Nf3 Bf6 26. Nd4 Qxg4 27. Qxg4 exd4 28. Qf5 Kg7 29. c4 hxg3 30. fxg3 c5 31. Rf1 Bg5 32. Be4 Rde8 33. Qd7 Re7 34. Qxd6 Ne5 35. Rf5 Rfe8 36. Kg2 Nxc4 37. dxc4 1/2-1/2

[Event "Karelian Autumn"]
[Site "Petrozavodsk"]
[Date "2011.10.09"]
[Round "3"]
[White "Stebunov, Alexander A"]
[Black "Bogdeev, Semen A"]
[Result "1-0"]
[WhiteElo "1945"]
[BlackElo "1817"]
[PlyCount "51"]
[EventDate "2011.10.08"]
[EventType "swiss"]
[EventRounds "9"]
[EventCountry "RUS"]
[SourceTitle "EXT 2012"]
[Source "ChessBase"]
[SourceDate "2011.11.24"]
[SourceVersion "1"]
[SourceVersionDate "2011.11.24"]
[SourceQuality "1"]

1. e4 e6 2. d4 d5 3. e5 c5 4. c3 Qb6 5. Nf3 Nc6 6. a3 cxd4 7. cxd4 Nh6 8. b4 Nf5 9. Be3 a6 10. Bd3 Be7 11. 0-0 0-0 12. Nc3 Nxe3 13. fxe3 Bd7 14. Na4 Qa7 15. Nc5 Bxc5 16. bxc5 h6 17. Bc2 Ne7 18. Nh4 Bb5 19. Qg4 Bxf1 20. Rxf1 Ng6 21. Nxg6 fxg6 22. Qxe6+ Kh8 23. Rxf8+ Rxf8 24. Qxg6 Kg8 25. e6 Rf6 26. e7 1-0

[Event "Karelian op 10th"]
[Site "Petrozavodsk"]
[Date "2010.10.12"]
[Round "5"]
[White "Burdukov, Albert G"]
[Black "Stebunov, Alexander A"]
[Result "0-1"]
[WhiteElo "1924"]
[BlackElo "1929"]
[PlyCount "70"]
[EventDate "2010.10.01"]
[EventType "swiss"]
[EventRounds "9"]
[EventCountry "RUS"]
[SourceTitle "EXT 2022"]
[Source "ChessBase"]
[SourceDate "2021.10.06"]
[SourceVersion "1"]
[SourceVersionDate "2021.10.06"]
[SourceQuality "1"]

1. e4 e5 2. Nf3 Nc6 3. d4 exd4 4. Bc4 Nf6 5. e5 d5 6. Bb5 Ne4 7. Bxc6+ bxc6 8. Nxd4 Ba6 9. Ne2 Bc5 10. 0-0 Qh4 11. g3 Qg4 12. Nd4 Nxf2 13. Qxg4 Nxg4 14. Rd1 Nxe5 15. Kg2 Bxd4 16. Rxd4 c5 17. Rd1 0-0 18. Bf4 Rfe8 19. Nc3 d4 20. Na4 Bb7+ 21. Kf1 Nd7 22. Re1 Bc6 23. b3 Bxa4 24. bxa4 Nb6 25. Bxc7 f6 26. Rxe8+ Rxe8 27. Re1 Rxe1+ 28. Kxe1 Nxa4 29. Bb8 a6 30. Ba7 Kf7 31. Kd2 Ke6 32. Bb8 Kd5 33. Bc7 Nc3 34. a3 Nb1+ 35. Kd3 c4+ 0-1